000 01628nab a22002657a 4500
999 _c5395
_d5395
003 OSt
005 20250311113420.0
008 190604e xxu||||| |||| 00| 0 spa d
040 _cPJ
100 _94616
_aCopello Barone, Natalia P.
245 1 3 _aEl principio de autonomía en las uniones convivenciales dentro del derecho argentino /
_cNatalia P. Copello Barone.
260 _aCiudad Autónoma de Buenos Aires :
_bThomson Reuters La Ley,
_c2024.
300 _ap. 159-167
500 _aCita Online: TR LALEY AR/DOC/1902/2024.
505 _aSumario: I. Introducción.— II. Influencia del derecho constitucional de los derechos humanos en el ámbito del derecho de familia.— III. Surgimiento de la autonomía moral de la persona y su dignidad desde el plano filosófico y su construcción dentro del ordenamiento jurídico.— IV. Como se plasma efectivamente la recepción de esta dignidad y el principio de autonomía en ciertas regulaciones del derecho de familia.— V. Recepción de un nuevo derecho humano implícito.— VI. Conclusiones.— VII. Bibliografía.
505 _t¿Te interesa el texto completo? Solicitalo al correo: koha@justierradelfuego.gov.ar
650 0 _91497
_aCODIGO CIVIL Y COMERCIAL
650 0 _91053
_aUNIONES CONVIVENCIALES
650 0 _93474
_aAUTONOMÍA DE LA VOLUNTAD
650 0 _94051
_aDERECHO A LA DIGNIDAD
650 0 _92597
_aDEFENSA DEL CONSUMIDOR
650 0 _9604
_aTRATADOS INTERNACIONALES
773 0 _02714
_93171
_dCiudad Autónoma de Buenos Aires : Thomson Reuters La Ley, 2014-
_tRevista anales de legislación argentina. Nº 10 - Octubre 2024.
942 _2udc
_cANA